[Event "Napoli Sociale-ch"]
[Site "Napoli"]
[Date "2015.11.12"]
[Round "2"]
[White "Spano, Angelo Salvatore"]
[Black "Muci, Gregorio"]
[Result "0-1"]
[WhiteElo "1416"]
[BlackElo "1579"]
[PlyCount "68"]
[EventDate "2015.11.05"]
[EventType "swiss"]
[EventRounds "7"]
[EventCountry "ITA"]
[SourceTitle "EXT 2018"]
[Source "ChessBase"]
[SourceDate "2017.10.13"]
[SourceVersion "1"]
[SourceVersionDate "2017.10.13"]
[SourceQuality "1"]

1. d4 Nf6 2. e3 g6 3. Bd3 c5 4. Nf3 cxd4 5. exd4 d5 6. Nc3 Bg7 7. h3 0-0 8. 0-0 Qb6 9. Re1 Nc6 10. Be3 Qxb2 11. Na4 Qa3 12. Nc5 Qa5 13. Ne5 Nxe5 14. dxe5 Nd7 15. Nxd7 Bxd7 16. Qd2 Qc7 17. Bf4 e6 18. Rab1 Rfc8 19. Rec1 Bxe5 20. Qb4 Bxf4 21. Qxb7 Bxc1 22. Qxc7 Rxc7 23. Rxc1 Rc3 24. Rb1 Ba4 25. Rb2 Rac8 26. Rb7 Bxc2 27. Bxc2 Rxc2 28. Rxa7 R2c7 29. Ra3 d4 30. Rd3 e5 31. a4 Rc3 32. Rd1 Rc1 33. Rxc1 Rxc1+ 34. Kh2 d3 0-1